000 00726nam a22002890a 4500
001 PT61523
003 AR-LpoUNG
005 20210131232032.0
008 191001s1995||||xxk|||||||||||||||||eng d
020 _a0582096669
_c$27.00
040 _aAR-LpoUNG
_bspa
_cAR-LpoUNG
_eaacr
041 _aeng
044 _axxk
082 0 _a425 55pra
100 1 _aKingsbury, Roy
245 1 0 _aPractise your gerunds and infinitives
250 _a1ra. ed.
260 _aLondon :
_bLongman,
_c1995.
300 _a64 p. :
_bfot.
650 4 _aENSEƑANZA DE IDIOMAS
650 4 _aGRAMATICA
650 4 _aLABORATORIOS DE IDIOMAS
650 4 _aLENGUA INGLESA
700 1 _aAdamson, Donald
_eed.
905 _a61523
942 _cLIB
999 _c13399
_d13399